Culture Générale - Série 1080 - Statistiques

Statistiques générales
  • Ce quiz a été pris 91 fois
  • Le résultat moyen est 5 sur 10
Statistiques - réponses
Question Réponse % Correct
Quel est le symbole chimique du polonium ? Po
93%
Complétez le premier vers de la fable de La Fontaine "Le Lièvre et la Tortue" : "Rien ne sert de courir; il faut... partir à point
91%
Sur quel continent se situe la région désertique appelée Nubie ? Afrique
84%
A combien de jours équivalent 86400 secondes ? 1 jour
65%
Quelle île, dont la capitale est Hobart, se situe au sud de l'Australie ? Tasmanie
65%
Quel genre cinématographique est à l'honneur au Festival international du film de Gérardmer ? Le fantastique
55%
Au XIXe siècle, quel auteur britannique a écrit le roman "Oliver Twist" ? Charles Dickens
41%
Sur quelle île grecque a été découverte la statue appelée : "Victoire de Samothrace" ? Samothrace
23%
Quel artiste français, à qui l'on doit la toile "L'Atelier du peintre", provoque un véritable scandale au Salon de 1853 avec ses “Baigneuses” ? Gustave Courbet
16%
De 1973 à 1978, quel homme politique est président de l'Assemblée nationale ? Edgar Faure
13%
Aucun quiz correspondant
Distribution des résultats
% des personnes avec chaque résultat
Percentile par nombre de réponses
Votre historique - résultats
Vous n’avez pas pris ce quiz